Betriebswirtschaftliche Forschung und Praxis

Guardado en:
Detalles Bibliográficos
Formato: Seriadas
Lenguaje:alemán
Publicado: Herne Neue Wirtschaftsbriefe 1980
Etiquetas: Agregar Etiqueta
Sin Etiquetas, Sea el primero en etiquetar este registro!

MARC

LEADER 00000nas2a2200000 4500
001 s123642
005 20250730114222.5
041 0 |a ger 
044 |a DE 
245 1 0 |a Betriebswirtschaftliche Forschung und Praxis 
264 1 |a Herne  |b Neue Wirtschaftsbriefe  |c 1980 
300 |a 1 zv. 
773 0 |w eu_un_cat*s123153